书目信息 |
| 题名: |
计算机辅助设计技术基础
|
|
| 作者: | 孙家广 编著 | |
| 分册: | ||
| 出版信息: | 北京 清华大学出版社 1990.09 |
|
| 页数: | 16开 | |
| 开本: | 16开 | |
| 丛书名: | ||
| 单 册: | ||
| 中图分类: | TP391.72 | |
| 科图分类: | ||
| 主题词: | 计算机应用 | |
| 电子资源: | ||
| ISBN: | 7-302-00654-7 | |
| 000 | 00582nam0 2200193 45 | |
| 001 | 0006261687 | |
| 005 | 20000626165933.8 | |
| 010 | @a7-302-00654-7@d18.00元 | |
| 100 | @a20000626d1990 km y0chiy0120 ea | |
| 101 | 0 | @achi |
| 105 | @a z 000yy | |
| 200 | 1 | @a计算机辅助设计技术基础@AJi Suan Ji Fu Zhu She Ji Ji Shu Ji Chu@f孙家广等编著@FSun Jia Guang Deng Bian Zhu |
| 210 | @a北京@c清华大学出版社@d1990.09 | |
| 215 | @a16开@d16开 | |
| 606 | 0 | @a计算机应用 |
| 690 | @aTP391.72@v3 | |
| 701 | 0 | @a孙家广@4编著 |
| 801 | @aCN@bPftUser@c20000626 | |
| 905 | @b60239-243@dTP391.72@eS269@f5 | |
| 计算机辅助设计技术基础/孙家广等编著.-北京:清华大学出版社,1990.09 |
| 16开;16开 |
| ISBN 7-302-00654-7:18.00元 |
| ● |
| 相关链接 |
|
|
|
正题名:计算机辅助设计技术基础
索取号:TP391.72/S269
 
预约/预借
| 序号 | 登录号 | 条形码 | 馆藏地/架位号 | 状态 | 备注 |
| 1 | 60239 | 200602393 | 自科二线504/504自科库 4排3列4层/ [索取号:TP391.72/S269] | 在馆 | |
| 2 | 60240 | 200602400 | 自科二线404/404自科库 14排1列1层/ [索取号:TP391.72/S269] | 在馆 | |
| 3 | 60241 | 200602419 | 自科二线504/504自科库 4排3列4层/ [索取号:TP391.72/S269] | 在馆 | |
| 4 | 60242 | 200602428 | 期刊室512/301自科库 103排1列5层/ [索取号:TP391.72/S269] | 在馆 | |
| 5 | 60243 | 200602437 | 期刊室512/301自科库 103排1列5层/ [索取号:TP391.72/S269] | 在馆 |